01666nam a2200385Ia 4500001001200000003000800012006001900020007001500039008004100054010001700095020001800112020003000130040002100160035002100181050002500202100002200227245013600249260004800385300003000433490003100463500009800494504006400592533015200656650001900808651003800827651002900865651003700894651006300931651004200994655002901036710001701065830005701082856012601139999001501265ebr10279175CaPaEBRm u cr cn|||||||||900626s1991 nyuab sb 001 0 eng d z 90042496  z9780195065138 z0195065131 (alk. paper) : aCaPaEBRcCaPaEBR a(OCoLC)45724190314aHN80.A33bH33 1991eb1 aHackett, David G.14aThe rude hand of innovationh[electronic resource] :breligion and social order in Albany, New York, 1652-1836 /cDavid G. Hackett. aNew York :bOxford University Press,c1991. axv, 240 p. :bill., maps.1 aReligion in America series a"The Frank S. and Elizabeth D. Brewer Prize essay of the American Society of Church History." aIncludes bibliographical references (p. 215-230) and index. aElectronic reproduction.bPalo Alto, Calif. :cebrary,d2009.nAvailable via World Wide Web.nAccess may be limited to ebrary affiliated libraries. 0aSocial change. 0aAlbany (N.Y.)xSocial conditions. 0aAlbany (N.Y.)xReligion. 0aAlbany (N.Y.)xEthnic relations. 0aNew York (State)xHistoryyColonial period, ca. 1600-1775. 0aNew York (State)xHistoryy1775-1865. 7aElectronic books.2local2 aebrary, Inc. 0aReligion in America series (Oxford University Press)40uhttp://site.ebrary.com/lib/rucke/Doc?id=10279175zAn electronic book accessible through the World Wide Web; click to view c3753d3753